Statistics for US States Whose Capitals Start With Letter C

Click here to take the quiz!

General Stats

  • This quiz has been taken 37 times
  • The average score is 5 of 6

Answer Stats

CapitalState% Correct
ColumbusOhio
96%
ColumbiaSouth Carolina
83%
CheyenneWyoming
83%
CharlestonWest Virginia
75%
Carson CityNevada
71%
ConcordNew Hampshire
71%

Score Distribution

Percentile by Number Answered

Percent of People with Each Score

Your Score History

You have not taken this quiz